World's most used SoMe platforms - Statistics

General Stats
  • This quiz has been taken 8 times
  • The average score is 9 of 17
Answer Stats
Users (millions) SoMe platform % Correct
2,910 Facebook
100%
1,478 Instagram
100%
557 Snapchat
100%
2,000 Whatsapp
88%
2,562 Youtube
88%
430 Reddit
75%
1,000 TikTok
75%
436 Twitter
75%
444 Pinterest
63%
1,263 WeChat
38%
988 Facebook Messenger
25%
300 Quora
25%
600 Douyin
13%
574 QQ
13%
573 Kuaishou
0%
573 Sina Weibo
0%
550 Telegram
0%
No matching quizzes found
Score Distribution
Percent of People with Each Score
Percentile by Number Answered
Your Score History
You have not taken this quiz